000 00630cam a2200229 a 4500
001 3787589
005 20180131051019.0
008 840920s1985 enk b 101 0 eng
010 _a 84021610
020 _a0631134085 :
_c$34.95 (U.S.)
020 _a0631145990 (pbk.)
040 _aDLC
_cDLC
_dDLC
041 _aeng
080 _a330 ARR
082 0 0 _a330 ARR
_219
100 _a52
101 _aEKO
245 0 0 _aFrontiers of economics /
_cedited by Kenneth J. Arrow and Seppo Honkapohja.
504 _aIncludes bibliographies and indexes.
906 _a7
_bcbc
_corignew
_d1
_eocip
_f19
_gy-gencatlg
942 _2ddc
_cBK
999 _c41365
_d41365